Statistiche per Miglior giocatore degli Europei

Clicka qui per fare il quiz!

Statistiche generali

  • Questo quiz è stato fatto 7 volte
  • Il punteggio medio è 4 su 7

Statistiche sulle risposte

EdizioneNazioneCalciatore% Corretto
Belgio - Paesi Bassi 2000FranciaZinédine Zidane
100%
Polonia - Ucraina 2012SpagnaAndrés Iniesta
83%
Europa 2020ItaliaGianluigi Donnarumma
83%
Austria -Svizzera 2008SpagnaXavi
83%
Francia 2016FranciaAntoine Griezmann
67%
Inghilterra 1996GermaniaMatthias Sammer
0%
Portogallo 2004GreciaTheodōros Zagorakīs
0%

Distribuzione punteggi

Percentile per numero di risposta

Percentuale di utenti per punteggio

I tuoi punteggi nel tempo

Non hai fatto questo quiz